sanah - Warszawa (J. Tuwim) - Statystyki

Ogólne statystyki
  • Ten quiz został rozwiązany 18 razy
  • Średni wynik to 45 z 67
Statystyki odpowiedzi
Odpowiedź % Poprawnych
i
94%
i
94%
i
94%
i
94%
94%
W
94%
W
94%
Warszawa!
94%
Warszawa!
94%
A
88%
domów
75%
domów
75%
Ile
75%
ile
75%
Ile
75%
Ile
75%
Ile
75%
ile
75%
Ile
75%
Jaka
75%
Jaka
75%
jest
75%
jest
75%
jest
75%
wielka
75%
wielka
75%
budzi!
69%
budzi!
69%
ludzi
69%
ludzi
69%
malutką
69%
pamięta
69%
stara
69%
stolica
69%
stolica
69%
stolica
69%
Wisła
69%
Bo
63%
cieszy
63%
dorosła
63%
dziś
63%
nam
63%
nam
63%
radości
63%
radości
63%
sercach
63%
sercach
63%
tak
63%
taka
63%
urosła
63%
Że
63%
samochodów
56%
się
56%
spacerów
56%
ulic
56%
dumy
50%
dumy
50%
gwaru
50%
ruchu
50%
szkół
50%
Kin
44%
obszaru!
44%
ogrodów
44%
sklepów
44%
teatrów
44%
38%
Placów
38%
Nie znaleziono quizów pasujących do podanych kryteriów
Rozkład punktacji
Procent ludzi z każdym wynikiem
Percentyl według liczby udzielonych odpowiedzi
Twoja historia wyników
Nie rozwiązałeś tego quizu